[Event "FRA-ch Blitz Online Qual"]
[Site "Europe Echecs INT"]
[Date "2020.05.16"]
[Round "14"]
[White "Eden, James"]
[Black "Massiani, Xavier"]
[Result "1-0"]
[WhiteElo "2330"]
[BlackElo "1781"]
[PlyCount "117"]
[EventDate "2020.05.16"]
[EventType "swiss (blitz)"]
[EventRounds "15"]
[EventCountry "FRA"]
[SourceTitle "CBM 196 Extra"]
[Source "ChessBase"]
[SourceDate "2020.07.31"]
[SourceVersion "1"]
[SourceVersionDate "2020.07.31"]
[SourceQuality "1"]

1. e4 c6 2. d4 d5 3. Nc3 dxe4 4. Nxe4 Nf6 5. Nxf6+ exf6 6. c3 Bd6 7. Bd3 0-0 8. Qc2 h5 9. Ne2 Nd7 10. Be3 Re8 11. 0-0-0 Nf8 12. Kb1 Be6 13. Ng3 Qa5 14. c4 b5 15. d5 cxd5 16. cxd5 Bxd5 17. Bh7+ Nxh7 18. Rxd5 Be5 19. Qb3 Qa4 20. Rxb5 Qg4 21. h3 Qg6+ 22. Qc2 Qxc2+ 23. Kxc2 Bxg3 24. Rxh5 Rac8+ 25. Kb1 Be5 26. Rh4 Nf8 27. Bxa7 Ng6 28. Ra4 Red8 29. Be3 f5 30. h4 f4 31. Bc1 Nxh4 32. Bxf4 Bxf4 33. Rxf4 Ng6 34. Rb4 Rd2 35. Rf1 f6 36. a4 Ne5 37. Ka1 Nd3 38. Rd4 Rcc2 39. Rb1 Nxf2 40. Rxd2 Rxd2 41. a5 Ne4 42. Rc1 Rd5 43. b4 Nd2 44. Kb2 Rb5 45. Kc3 Ne4+ 46. Kb3 Rb8 47. a6 Kf7 48. Rc7+ Ke6 49. a7 Ra8 50. b5 Kd6 51. b6 g5 52. Rc1 Nc5+ 53. Rxc5 Kxc5 54. b7 Rxa7 55. b8Q Rd7 56. Qe8 Kd6 57. Kc4 Re7 58. Qd8+ Ke6 59. Qd5# 1-0

[Event "FRA-ch Blitz Online Qual"]
[Site "Europe Echecs INT"]
[Date "2020.05.16"]
[Round "11"]
[White "Massiani, Xavier"]
[Black "Dourerassou, Jonathan"]
[Result "0-1"]
[WhiteElo "1781"]
[BlackElo "2477"]
[PlyCount "44"]
[EventDate "2020.05.16"]
[EventType "swiss (blitz)"]
[EventRounds "15"]
[EventCountry "FRA"]
[SourceTitle "CBM 196 Extra"]
[Source "ChessBase"]
[SourceDate "2020.07.31"]
[SourceVersion "1"]
[SourceVersionDate "2020.07.31"]
[SourceQuality "1"]

1. e4 e6 2. d4 d5 3. Nc3 dxe4 4. Nxe4 Nd7 5. Nf3 Ngf6 6. Bg5 Be7 7. Nxf6+ Nxf6 8. Bd3 c5 9. dxc5 Qa5+ 10. c3 Qxc5 11. 0-0 0-0 12. Qe2 Bd7 13. Ne5 Rfd8 14. Rfd1 Be8 15. Bxf6 Bxf6 16. Ng4 Be7 17. Ne3 Bc6 18. Qg4 Qe5 19. Qh3 h5 20. Nc4 Qg5 21. Re1 Rxd3 22. f4 Qc5+ 0-1